| 000 | 00489nam a2200205Ia 4500 | ||
|---|---|---|---|
| 003 | OSt | ||
| 005 | 20140319104325.0 | ||
| 008 | 140130s9999 xx 000 0 und d | ||
| 020 | _a97804393314534 | ||
| 050 |
_aPZ 7 _b.W256 2001 |
||
| 100 | _aWard, Nick | ||
| 245 |
_aA wolf at the door! / _cNick Ward. |
||
| 260 |
_bScholastic, _aNew York : _c2001. |
||
| 300 |
_a40 p. : _bcol. ill. ; _c28 cm. |
||
| 440 | _v1 | ||
| 521 | _aBR | ||
| 526 | _cBR | ||
| 942 |
_cBK _2lcc |
||
| 999 |
_c41575 _d41575 |
||